| 000 | 01220nam a22002535i 4500 | ||
|---|---|---|---|
| 001 | 167563 | ||
| 003 | ES-MaACL | ||
| 005 | 20250824085052.0 | ||
| 008 | 990412s1886 sp |||| | spa d | ||
| 100 | 1 |
_aLópez de Villalobos, Francisco. _973598 |
|
| 245 | 1 | 0 |
_aAlgunas obras del Doctor Francisco López de Villalobos / _cpublícalas la Sociedad de Bibliófilos españoles. |
| 260 |
_aMadrid : _bSociedad de Bibliófilos Españoles, _c1886 ( _fImprenta de Miguel Ginesta) |
||
| 300 |
_a229, 503 p ; _c23 cm. |
||
| 490 | 1 |
_aSociedad de Bibliófilos Españoles ; _v24 |
|
| 505 | 8 | _aContiene: Obras científicas ; Obras literarias ; Cartas castellanas ; Cartas latinas ; Poesías ; El sumario de la medicina con un Tratado sobre las pestíferas bubas | |
| 530 | _aDisponible en formato digital. | ||
| 650 | 7 |
_aMedicina medieval _2embne _9152333 |
|
| 650 | 4 |
_aLiteratura española- _yS.XVI-XVII. _9152334 |
|
| 710 | 2 |
_aSociedad de Bibliófilos Españoles. _96661 |
|
| 830 | 1 | 0 |
_aSociedad de Bibliófilos Españoles _v24 _9187662 |
| 852 | 4 |
_aES-MaACL _jJ-7(24) _z- Enc. hol. |
|
| 856 | 4 |
_uhttps://archive.org/details/17manerasdeconcl00stei/page/n5/mode/2up _zInternet Archive |
|
| 999 |
_c167563 _d167563 |
||